Comparison of different tomato varieties in sandy loam soil condition at royal university of agriculture, ការប្រៀបធៀបពូជប៉េងប៉ោះផ្សេងៗគ្នាក្រោមលក្ខខណ្ឌដីល្បាយខ្សាច់នៅសាកលវិទ្យាល័យភូមិន្ទកសិកម្ម (Record no. 9062)

000 -LEADER
fixed length control field 00675nam a22001337a 4500
040 ## - CATALOGING SOURCE
Transcribing agency RUA
082 ## - DEWEY DECIMAL CLASSIFICATION NUMBER
Classification number AGR KHO 2015 B513 Or.1
100 ## - MAIN ENTRY--AUTHOR NAME
Personal name KHOEURN PEAPH, ឃឿន ភាព
245 ## - TITLE STATEMENT
Title Comparison of different tomato varieties in sandy loam soil condition at royal university of agriculture, ការប្រៀបធៀបពូជប៉េងប៉ោះផ្សេងៗគ្នាក្រោមលក្ខខណ្ឌដីល្បាយខ្សាច់នៅសាកលវិទ្យាល័យភូមិន្ទកសិកម្ម
260 ## - PUBLICATION, DISTRIBUTION, ETC. (IMPRINT)
Place of publication Phnom Penh
Name of publisher RUA
Year of publication 2015
300 ## - PHYSICAL DESCRIPTION
Number of Pages xii; 42p.
Other physical details ill.
Dimensions 29cm.
856 ## - ELECTRONIC LOCATION AND ACCESS
Uniform Resource Identifier KHOEURN PEAPH
942 ## - ADDED ENTRY ELEMENTS (KOHA)
Koha item type AGR
952 ## - LOCATION AND ITEM INFORMATION (KOHA)
Withdrawn status [LOCAL, KOHA] 0
952 ## - LOCATION AND ITEM INFORMATION (KOHA)
Withdrawn status [LOCAL, KOHA] 0
952 ## - LOCATION AND ITEM INFORMATION (KOHA)
Withdrawn status [LOCAL, KOHA] 0
952 ## - LOCATION AND ITEM INFORMATION (KOHA)
Withdrawn status [LOCAL, KOHA] 0
952 ## - LOCATION AND ITEM INFORMATION (KOHA)
Withdrawn status [LOCAL, KOHA] 0
952 ## - LOCATION AND ITEM INFORMATION (KOHA)
Withdrawn status [LOCAL, KOHA] 0
952 ## - LOCATION AND ITEM INFORMATION (KOHA)
Withdrawn status [LOCAL, KOHA] 0
952 ## - LOCATION AND ITEM INFORMATION (KOHA)
Withdrawn status [LOCAL, KOHA] 0
952 ## - LOCATION AND ITEM INFORMATION (KOHA)
Withdrawn status [LOCAL, KOHA] 0
952 ## - LOCATION AND ITEM INFORMATION (KOHA)
Withdrawn status [LOCAL, KOHA] 0
Holdings
Permanent Location Date acquired Koha item type Lost status Shelving location Barcode Current Location Full call number
Library Block B2016-08-23AGR B513RUA062102Library Block BAGR KHO 2015 B513 Or.1
Library Block B2016-08-23AGR B513RUA062341Library Block BAGR KHO 2015 B513 Or.2
Library Block B2016-08-23AGR B513RUA061327Library Block BAGR KHO 2015 B513 Or.3
Library Block B2016-08-23AGR B513RUA062413Library Block BAGR KHO 2015 B513 Or.4
Library Block B2016-08-23AGR B513RUA062400Library Block BAGR KHO 2015 B513 Or.5
Library Block B2016-08-23AGR B513RUA061472Library Block BAGR KHO 2015 B513 Or.6
Library Block B2016-08-23AGR B513RUA061412Library Block BAGR KHO 2015 B513 Or.7
Library Block B2016-08-23AGR B513RUA062021Library Block BAGR KHO 2015 B513 Or.8
Library Block B2021-12-15AGR B642a066075Library Block BAGR KHO 2015 B642 Or.1
Library Block B2021-12-15AGR B642a068764Library Block BAGR KHO 2015 B642 Or.1
មជ្ឈមណ្ឌលឯការនៃសាកលវិទ្យាល័យភូមិន្ទកសិកម្មចំការដូង

Powered by Koha